New studies in mystical religion /

Bibliographic Details
Main Author: Jones, Rufus M. (Rufus Matthew), 1863-1948
Format: Book
Language:English
Published: New York : The Macmillan company, 1927.
Subjects:

MARC

Tag First Indicator Second Indicator Subfields
LEADER 00000cam a2200000 4500
001 in00000038484
005 20151007081058.0
008 770312s1927 xx 00000 eng
010 |a  27022176  
035 |a (OCoLC)02795838 
035 |9 AAF5840AM 
040 |a DLC  |c DMM  |d TXA  |d UtOrBLW 
049 |a TXAM  |c [169719] 
050 0 |a BV5082  |b .J6 
092 |a 149.3  |b J78n 
100 1 |a Jones, Rufus M.  |q (Rufus Matthew),  |d 1863-1948. 
245 1 0 |a New studies in mystical religion /  |c the Ely lectures delivered at Union Theological Seminary, New York, 1927, by Rufus M. Jones. 
264 1 |a New York :  |b The Macmillan company,  |c 1927. 
300 |a 205 pages ;  |c 20 cm. 
336 |a text  |b txt  |2 rdacontent 
337 |a unmediated  |b n  |2 rdamedia 
338 |a volume  |b nc  |2 rdacarrier 
650 0 |a Mysticism. 
999 |a MARS 
999 f f |s 8b0ee904-9a7b-36cc-acce-e282a13e96fb  |i e17c940b-fed3-3f00-8cea-8fd55e839aa3  |t 0 
952 f f |p ric  |a Texas A&M University  |b Rellis Campus  |c Joint Library Facility  |d Remote Storage  |t 0  |e BV5082 .J6  |h Library of Congress classification  |i unmediated -- volume  |m A14800519357 
998 f f |a BV5082 .J6  |t 0  |l Remote Storage